Elite Geography Quiz - Statistics

General Stats
  • This quiz has been taken 10 times
  • The average score is 2 of 15
Answer Stats
Hint Answer % Correct
What is Will Smiths surname Smith
100%
What continant is Walmart in America
40%
what is my high score on wii sports baseball 26
20%
who likes to sing in the shower adele
20%
Where is South America Below North America
20%
From which country am i making this quiz thats an invasion of my privacy
20%
How many people have the name caleb in jamaica 0.5 (we are not sure if he classes himself as a 'person')
0%
How many days in standard form does it take to walk around the world 1.8x10^56
0%
How many dads would it take to fill the land mass of antartica 5,905,784
0%
haow many people in Pakistan have watched Justine Biebers world hit "Baby" on Youtube 64364
0%
What is the avaerage amount of time to put a steak and kidney pie in the microwave for in Berlin 778s
0%
How many Younglings Have graduated from oxford 900,000,000
0%
How hot is Africa Extremely hot sometimes reaching 56 degrees
0%
what is a badgers second favourite snack (in Belgium) uncle bens rice
0%
Which country are you answering this quiz in You should't be giving out personal information like that mister/misses
0%
No matching quizzes found
Score Distribution
Percent of People with Each Score
Percentile by Number Answered
Your Score History
You have not taken this quiz